000 01503nam0a2200397 4500
001 RU\NLR\bibl\269013
005 20260405144020.0
010 _a5-94483-009-3
_93000
021 _aRU
_b2002-5604
_9270
035 _a(NLR Aleph) 000264567
090 _a1546004
_c1546004
100 _a20020517d2001 |||y0rusy50 ca
101 1 _arus
102 _aRU
105 _ay |||||||||
200 1 _aОб отрешенности
_e[Пер.]
_fМайстер Экхарт
_g[Предисл., примеч. М. Ю. Реутина; Послесл. Г. Сузо]
210 _aМ.
_cАкад. исслед. культуры
_aСПб.
_cУнив. кн.
_d2001
215 _a431 с.
_d21
225 1 _aКнига света
_fРедкол.: Л.В. Скворцов (пред.) и др.
320 _aУказ. имен: с. 428-430
320 _aБиблиогр. в примеч.: с. 344-427
606 0 _aМистицизм христианский
_91588884
_3RU\NLR\auth\66698104
610 0 _aРелигиозная философия немецкая, 13-14 вв.
675 _a141.33
_v3
_zrus
686 _a02
_2rugasnti
686 _a86.2
_2rubbk
686 _aЮ3(0)414-377
686 _aЭ37-47
700 1 _4070
_7ca
_8rus
_aЭкхарт
_bМ.
_fок.1260-1327
_gМайстер
_942589
_3RU\NLR\auth\7759658
801 0 _aRU
_bRKP
_c20020517
_gPSBO
801 1 _aRU
_bRKP
_c20020517
801 2 _aRU
_bNLR
_c20071218
_grcr
942 _cBOOK
980 _aNB